Surveying (Record no. 4507)

MARC details
000 -LEADER
fixed length control field 00359nam a22001457a 4500
008 - FIXED-LENGTH DATA ELEMENTS--GENERAL INFORMATION
fixed length control field 251118b |||||||| |||| 00| 0 eng d
020 ## - INTERNATIONAL STANDARD BOOK NUMBER
ISBN 9788189401276
100 ## - MAIN ENTRY--AUTHOR
Author ARORA,K.R.
245 ## - TITLE STATEMENT
Title Surveying
250 ## - EDITION STATEMENT
Edition statement 11th ed. vol.iii
260 ## - PUBLICATION, DISTRIBUTION, ETC. (IMPRINT)
Place of publication Delhi
Name of publisher Rajsons Publication Private Limited
Date of publication 2013
300 ## - COLLATION
Pagination xi,482p.
942 ## - ADDED ENTRY ELEMENTS (KOHA)
Item type Books
050 ## - LIBRARY OF CONGRESS CALL NUMBER
Classification number TA545
Item number .A76
Holdings
Source of classification or shelving scheme Not for loan Permanent location Current location Date acquired Accession No. Full call number Barcode. Koha item type
Library of Congress Classification   Environmental Sciences Library Environmental Sciences Library 11/18/2025 2025/65055 TA545 .A76 2025-3294 Books